| 000 | 00357nam a22001217a 4500 | ||
|---|---|---|---|
| 999 |
_c2543 _d2543 |
||
| 005 | 20200916162348.0 | ||
| 008 | 200916b ||||| |||| 00| 0 eng d | ||
| 020 | _a0134141113 | ||
| 040 | _cCML | ||
| 245 |
_aChoices in Literature. (Silver) _cBowler, E. and Others |
||
| 260 |
_aUpper saddle River _bPrentice-Hall, Inc. _c1997 |
||
| 942 |
_2ddc _cBK _hRef/CHO |
||